| 000 | 00923nam a22002297a 4500 | ||
|---|---|---|---|
| 008 | 131125b xxu||||| |||| 00| 0 alb d | ||
| 020 | _a9951402232 | ||
| 041 | 0 | _aalb | |
| 080 |
_a342.72/73 _x(036) |
||
| 245 | 0 | 0 |
_aTë Drejtat e Njeriut dhe Zbatimi i Ligjit : _cKomisari i Lartë për të Drejtat e Njeriut ; [përkthyes Bekim Sejdiu]. |
| 260 |
_aPrishtinë : _bFinish-OHC-HR Human Rights Support Programme-Kosovo ; _c2005. |
||
| 300 |
_a211 f. _c30 cm. |
||
| 490 |
_aSeri trajnimesh profesionale _vNr. 5 |
||
| 500 | _aParathënie/Jose Ayala Lasso : f. V-VII | ||
| 650 | 0 | _aTë drejtat e njeriut | |
| 650 | 0 |
_a Policia _xTrajnimi |
|
| 650 | 0 | _aDetyrimi për zbatimin e ligjit | |
| 700 | 1 | _aBekim, Sejdiu | |
| 710 |
_aKomisari i Lartë për të Drejtat e Njeriut. _bQendra për të Drejtat e Njeriut. |
||
| 710 | _aKombet e Bashkuara. | ||
| 942 |
_2udc _cBK |
||
| 999 |
_c348 _d348 |
||